[Event "19th Prague Open-A 2020"]
[Site "Prague"]
[Date "2020.01.12"]
[Round "4.10"]
[White "Liu, Zhaoqi"]
[Black "Toman, Jan"]
[Result "1-0"]
[WhiteElo "2328"]
[BlackElo "2101"]
[Annotator "ChessBase"]
[PlyCount "94"]
[EventDate "2020.01.10"]
[EventType "swiss"]
[EventCountry "CZE"]
[SourceTitle "playchess.com"]
[Source "ChessBase"]
[SourceQuality "1"]
[TimeControl "40/5400+30:1800+30"]

1. c4 {[%emt 0:03:42]} Nf6 {[%emt 0:00:00]} 2. Nc3 {[%emt 0:00:12]} g6 {[%emt 0:00:23]} 3. g3 {[%emt 0:00:06]} Bg7 {[%emt 0:00:39]} 4. Bg2 {[%emt 0:00:11]} c6 {[%emt 0:00:35]} 5. e4 {[%emt 0:01:48]} d6 {[%emt 0:01:09]} 6. Nge2 {[%emt 0:00:17]} e5 {[%emt 0:03:18]} 7. d4 {[%emt 0:00:15]} exd4 {[%emt 0:01:23]} 8. Nxd4 {[%emt 0:00:09]} O-O {[%emt 0:02:18]} 9. O-O {[%emt 0:00:08]} Nbd7 {[%emt 0:06:46]} 10. h3 {[%emt 0:06:16]} Re8 {[%emt 0:01:41]} 11. Re1 {[%emt 0:03:44]} Nc5 {[%emt 0:14:31]} 12. b4 {[%emt 0:05:56]} Ne6 {[%emt 0:00:58]} 13. Nb3 {[%emt 0:06:21]} Nh5 {[%emt 0:14:46]} 14. Qd3 {[%emt 0:04:18]} Qf6 {[%emt 0:24:57]} 15. Bd2 {[%emt 0:01:21]} Ng5 {[%emt 0:02:00]} 16. Kh2 {[%emt 0:11:25]} Nxh3 {[%emt 0:01:09]} 17. Bxh3 {[%emt 0:00:07]} Qxf2+ {[%emt 0:00:14]} 18. Bg2 {[%emt 0:00:07]} Nxg3 {[%emt 0:00:16]} 19. Qf3 {[%emt 0:04:18]} Qxf3 {[%emt 0:08:05]} 20. Bxf3 {[%emt 0:00:02]} Be5 {[%emt 0:00:48]} 21. Kg2 {[%emt 0:00:01]} h5 {[%emt 0:01:09]} 22. Rac1 {[%emt 0:00:04]} f6 {[%emt 0:05:09]} 23. Ne2 {[%emt 0:00:26]} Nxe2 {[%emt 0:01:00]} 24. Rxe2 {[%emt 0:00:01]} Be6 {[%emt 0:01:31]} 25. Na5 {[%emt 0:02:37]} Re7 {[%emt 0:00:34]} 26. Bc3 {[%emt 0:00:01]} Rh7 {[%emt 0:02:11]} 27. Bxe5 {[%emt 0:00:08]} dxe5 {[%emt 0:00:07]} 28. Rd2 {[%emt 0:00:19]} g5 {[%emt 0:02:01]} 29. Nb3 {[%emt 0:01:31]} Rf8 {[%emt 0:01:13]} 30. Nc5 {[%emt 0:01:02]} Bc8 {[%emt 0:00:01]} 31. Rcd1 {[%emt 0:00:02]} g4 {[%emt 0:02:00]} 32. Be2 {[%emt 0:00:01]} f5 {[%emt 0:00:39]} 33. exf5 {[%emt 0:00:12]} Bxf5 {[%emt 0:00:16]} 34. Nd7 {[%emt 0:00:51]} Be4+ {[%emt 0:00:53]} 35. Kg1 {[%emt 0:00:01]} Rf5 {[%emt 0:00:04]} 36. Nc5 {[%emt 0:00:02]} Bf3 {[%emt 0:00:44]} 37. Rd8+ {[%emt 0:00:43]} Kg7 {[%emt 0:00:51]} 38. R1d7+ {[%emt 0:00:21]} Kh6 {[%emt 0:00:41]} 39. Rxh7+ {[%emt 0:00:37]} Kxh7 {[%emt 0:00:02]} 40. Bd3 {[%emt 0:00:36]} e4 {[%emt 0:00:28]} 41. Nxe4 {[%emt 0:30:24]} Kh6 {[%emt 0:31:21]} 42. Ng3 {[%emt 0:06:56]} Rf7 {[%emt 0:00:00]} 43. Rh8+ {[%emt 0:00:00]} Kg5 {[%emt 0:00:00]} 44. Rxh5+ {[%emt 0:00:00]} Kf4 {[%emt 0:00:00]} 45. Kf2 {[%emt 0:00:00]} b6 {[%emt 0:00:00]} 46. a3 {[%emt 0:00:00]} Rf6 {[%emt 0:00:00]} 47. Rh7 {[%emt 0:00:00]} a5 {[%emt 0:00:00]} 1-0

[Event "19th Prague Open-A 2020"]
[Site "Prague"]
[Date "2020.01.12"]
[Round "4.11"]
[White "Strebkovs, Andrejs"]
[Black "Jordanov Mihail"]
[Result "1-0"]
[WhiteElo "2278"]
[BlackElo "2012"]
[Annotator "ChessBase"]
[PlyCount "111"]
[EventDate "2020.01.10"]
[EventType "swiss"]
[EventCountry "CZE"]
[SourceTitle "playchess.com"]
[Source "ChessBase"]
[SourceQuality "1"]
[TimeControl "40/5400+30:1800+30"]

1. d4 {[%emt 0:00:00]} Nf6 {[%emt 0:00:00]} 2. c4 {[%emt 0:00:00]} e6 {[%emt 0:00:00]} 3. Nf3 {[%emt 0:00:04]} b6 {[%emt 0:00:00]} 4. g3 {[%emt 0:00:20]} Ba6 {[%emt 0:00:21]} 5. b3 {[%emt 0:00:22]} Bb4+ {[%emt 0:00:39]} 6. Bd2 {[%emt 0:00:35]} Be7 {[%emt 0:01:39]} 7. Bg2 {[%emt 0:01:41]} O-O {[%emt 0:01:20]} 8. O-O {[%emt 0:00:31]} c6 {[%emt 0:01:17]} 9. Bc3 {[%emt 0:01:49]} d5 {[%emt 0:00:59]} 10. Ne5 {[%emt 0:00:46]} Nfd7 {[%emt 0:01:20]} 11. Nxd7 {[%emt 0:01:04]} Nxd7 {[%emt 0:00:12]} 12. Nd2 {[%emt 0:00:47]} f5 {[%emt 0:09:04]} 13. Re1 {[%emt 0:04:42]} Nf6 {[%emt 0:21:04]} 14. a4 {[%emt 0:07:06]} Qc7 {[%emt 0:13:55]} 15. Rc1 {[%emt 0:03:11]} Rad8 {[%emt 0:08:31]} 16. Qc2 {[%emt 0:04:28]} Ne4 {[%emt 0:11:57]} 17. Nxe4 {[%emt 0:05:46]} dxe4 {[%emt 0:00:26]} 18. f3 {[%emt 0:06:04]} Bg5 {[%emt 0:00:28]} 19. e3 {[%emt 0:03:14]} exf3 {[%emt 0:01:26]} 20. Bxf3 {[%emt 0:00:11]} Bb7 {[%emt 0:00:29]} 21. Rcd1 {[%emt 0:02:11]} c5 {[%emt 0:01:23]} 22. d5 {[%emt 0:01:58]} exd5 {[%emt 0:03:14]} 23. cxd5 {[%emt 0:01:00]} Qf7 {[%emt 0:03:20]} 24. Qg2 {[%emt 0:02:56]} Rd7 {[%emt 0:03:29]} 25. e4 {[%emt 0:05:35]} Rfd8 {[%emt 0:04:50]} 26. e5 {[%emt 0:05:09]} Bxd5 {[%emt 0:01:33]} 27. Rxd5 {[%emt 0:00:20]} Rxd5 {[%emt 0:00:30]} 28. e6 {[%emt 0:00:15]} Qb7 {[%emt 0:01:00]} 29. e7 {[%emt 0:04:12]} Bxe7 {[%emt 0:00:16]} 30. Bxd5+ {[%emt 0:00:15]} Rxd5 {[%emt 0:00:47]} 31. Rxe7 {[%emt 0:00:37]} Rd1+ {[%emt 0:01:14]} 32. Re1 {[%emt 0:00:16]} Qxg2+ {[%emt 0:00:20]} 33. Kxg2 {[%emt 0:00:03]} Rd3 {[%emt 0:00:07]} 34. Rc1 {[%emt 0:02:07]} a6 {[%emt 0:01:26]} 35. Kf2 {[%emt 0:00:39]} b5 {[%emt 0:00:34]} 36. Ke2 {[%emt 0:00:58]} Rd7 {[%emt 0:01:12]} 37. Bd2 {[%emt 0:01:17]} bxa4 {[%emt 0:01:49]} 38. bxa4 {[%emt 0:00:08]} Rd4 {[%emt 0:00:32]} 39. a5 {[%emt 0:00:25]} c4 {[%emt 0:04:40]} 40. Rb1 {[%emt 0:03:02]} Re4+ {[%emt 0:00:10]} 41. Kd1 {[%emt 0:32:34]} Re7 {[%emt 0:05:20]} 42. Rb6 {[%emt 0:00:00]} Ra7 {[%emt 0:00:06]} 43. Rc6 {[%emt 0:00:00]} Kf7 {[%emt 0:00:13]} 44. Kc2 {[%emt 0:00:00]} Ke7 {[%emt 0:03:35]} 45. Kc3 {[%emt 0:00:00]} Kd7 {[%emt 0:00:17]} 46. Rxc4 {[%emt 0:00:00]} Kd6 {[%emt 0:00:44]} 47. Be3 {[%emt 0:00:00]} Rb7 {[%emt 0:00:23]} 48. Rb4 {[%emt 0:00:00]} Rxb4 {[%emt 0:01:27]} 49. Kxb4 {[%emt 0:00:00]} Kd5 {[%emt 0:00:14]} 50. Bc5 {[%emt 0:00:00]} g5 {[%emt 0:00:20]} 51. Be7 {[%emt 0:00:00]} h6 {[%emt 0:01:09]} 52. Bf8 {[%emt 0:00:00]} h5 {[%emt 0:01:42]} 53. Bh6 {[%emt 0:00:00]} h4 {[%emt 0:00:36]} 54. gxh4 {[%emt 0:00:00]} gxh4 {[%emt 0:00:13]} 55. h3 {[%emt 0:00:00]} Ke4 {[%emt 0:00:14]} 56. Bg5 {[%emt 0:00:00]} 1-0

[Event "19th Prague Open-A 2020"]
[Site "Prague"]
[Date "2020.01.12"]
[Round "4.12"]
[White "Wang, Yukun"]
[Black "Neuman, Petr"]
[Result "1/2-1/2"]
[WhiteElo "1990"]
[BlackElo "2371"]
[Annotator "ChessBase"]
[PlyCount "67"]
[EventDate "2020.01.10"]
[EventType "swiss"]
[EventCountry "CZE"]
[SourceTitle "playchess.com"]
[Source "ChessBase"]
[SourceQuality "1"]
[TimeControl "40/5400+30:1800+30"]

1. e4 {[%emt 0:00:00]} c5 {[%emt 0:00:00]} 2. Nf3 {[%emt 0:00:00]} d6 {[%emt 0:00:00]} 3. d4 {[%emt 0:00:00]} cxd4 {[%emt 0:00:00]} 4. Nxd4 {[%emt 0:00:00]} Nf6 {[%emt 0:00:01]} 5. Nc3 {[%emt 0:00:00]} a6 {[%emt 0:00:03]} 6. Be3 {[%emt 0:01:27]} e6 {[%emt 0:00:34]} 7. f3 {[%emt 0:02:12]} b5 {[%emt 0:00:15]} 8. g4 {[%emt 0:00:05]} Bb7 {[%emt 0:00:37]} 9. Qd2 {[%emt 0:00:14]} Nfd7 {[%emt 0:01:15]} 10. g5 {[%emt 0:04:45]} Nb6 {[%emt 0:00:22]} 11. Bd3 {[%emt 0:14:16]} N8d7 {[%emt 0:01:11]} 12. a4 {[%emt 0:04:11]} bxa4 {[%emt 0:17:47]} 13. Nxa4 {[%emt 0:02:49]} Nxa4 {[%emt 0:01:21]} 14. Rxa4 {[%emt 0:00:03]} d5 {[%emt 0:01:40]} 15. Nb3 {[%emt 0:07:05]} Bc6 {[%emt 0:17:41]} 16. Rxa6 {[%emt 0:01:14]} Rxa6 {[%emt 0:00:38]} 17. Bxa6 {[%emt 0:00:04]} dxe4 {[%emt 0:02:15]} 18. Nd4 {[%emt 0:20:43]} Ba8 {[%emt 0:06:37]} 19. O-O {[%emt 0:03:45]} Bc5 {[%emt 0:04:38]} 20. b4 {[%emt 0:00:28]} Bb6 {[%emt 0:00:06]} 21. c4 {[%emt 0:01:03]} O-O {[%emt 0:00:19]} 22. c5 {[%emt 0:03:01]} Bxc5 {[%emt 0:00:11]} 23. bxc5 {[%emt 0:00:21]} Nxc5 {[%emt 0:00:06]} 24. Be2 {[%emt 0:00:26]} exf3 {[%emt 0:01:41]} 25. Nxf3 {[%emt 0:00:51]} Qxd2 {[%emt 0:01:32]} 26. Nxd2 {[%emt 0:00:04]} Ne4 {[%emt 0:00:20]} 27. Bf3 {[%emt 0:03:39]} Nc3 {[%emt 0:01:03]} 28. Bxa8 {[%emt 0:02:00]} Rxa8 {[%emt 0:00:04]} 29. Nc4 {[%emt 0:00:34]} Nd5 30. Bd2 {[%emt 0:04:40]} Ra2 {[%emt 0:17:50]} 31. Rb1 {[%emt 0:01:04]} f6 {[%emt 0:00:09]} 32. Rb7 {[%emt 0:01:15]} fxg5 {[%emt 0:00:54]} 33. Bxg5 {[%emt 0:01:31]} h6 {[%emt 0:00:05]} 34. Bd8 1/2-1/2

[Event "19th Prague Open-A 2020"]
[Site "Prague"]
[Date "2020.01.12"]
[Round "4.13"]
[White "Laverton, Christian"]
[Black "Laxman, R.R."]
[Result "1/2-1/2"]
[WhiteElo "2109"]
[BlackElo "2441"]
[Annotator "TA"]
[PlyCount "97"]
[EventDate "2020.01.10"]
[EventType "swiss"]
[EventCountry "CZE"]
[SourceTitle "playchess.com"]
[Source "ChessBase"]
[SourceQuality "1"]

{[%evp 9,97,10,17,0,0,0,0,0,0,0,0,-37,-24,-47,-40,-36,-28,-38,-39,-67,-44,-45,-26,-26,-19,-28,38,6,14,12,22,5,23,6,49,44,43,20,28,8,48,23,50,56,310,302,306,299,303,298,286,122,393,395,384,378,462,443,527,526,659,647,769,777,739,747,29992,727,635,101,94,58,58,52,46,4,58,0,85,71,77,47,61,0,0,0,0,0,0,0]} 1. d4 Nf6 2. Nf3 e6 3. c4 b6 4. g3 Ba6 5. Qc2 c5 6. d5 {E15: Queen's Indian: 4 g3 sidelines, 4 g3 Ba6 and 4 g3 Bb7 early deviations} exd5 7. cxd5 Bb7 $1 8. Bg2 Nxd5 9. O-O {Black must now prevent Ng5.} Be7 10. e4 (10. Rd1 Nc6 11. a3 Nf6 12. e4 O-O 13. e5 Ne8 14. Nc3 Nc7 {1-0 (32) Aronian,L (2775)-Bartel,M (2634) Moscow 2019}) 10... Nc7 11. Rd1 O-O 12. Nc3 Nc6 13. Bf4 $146 ({Predecessor:} 13. Be3 Bf6 14. Qd2 Ne6 15. Qxd7 {½-½ (37) Tregubov,P (2594)-Sargissian,G (2667) Mainz 2006}) 13... Ne6 14. Nd5 Nxf4 15. Nxf4 Rc8 16. e5 Qe8 17. Qf5 Nb8 ({Black should play} 17... Rd8 $11) 18. Nd5 Bxd5 (18... g6 {is more complex.} 19. Qe4 Kh8 20. Qd3 Bxd5 21. Qxd5 f6) 19. Rxd5 g6 20. Qg4 f5 21. Qa4 Nc6 22. Rad1 $36 {[%mdl 3072] White has compensation. White has the initiative.} Rc7 23. Qc4 {aiming for Rxd7+.} Kh8 24. a3 Nd8 25. Qd3 {[%cal Rd5d7]} Ne6 26. Rxd7 Qb8 $2 {[%mdl 8192]} (26... c4 $14 27. Qd5 Rxd7 28. Qxd7 Qxd7 29. Rxd7 Bc5) 27. Qc4 $18 Ng7 28. e6 b5 29. Qd5 ({Resist} 29. Qc3 $6 Bf6 $18) 29... Bf6 30. b3 (30. h4 $18 {and White stays clearly on top.}) 30... Qb6 $2 {[%mdl 8192]} (30... Re8 $16 {is a better defense.}) 31. e7 {[%mdl 64] Deflection} Bxe7 {[#] ...Rxd7 is the strong threat.} 32. Ne5 $1 {[%cal Re5f7] Strongly threatening Nf7+.} ({Not} 32. Qe5 Rxd7 33. Rxd7 Bf6 $16) 32... Ne6 {If Black can now play ...c4 this consolidates a bit.} 33. Rxc7 Nxc7 34. Qd7 Re8 35. Nc6 Bf8 36. Qf7 {Threatening mate with Rd7!} Bg7 {[#]} 37. Rd7 $1 {[%csl Gd7][%cal Rf7g7][%mdl 512]} Re1+ 38. Bf1 {[%csl Gd7][%cal Rf7g7]} Ne6 39. Qe8+ $2 (39. Rb7 $18 {is the precise move to win.} Qxb7 40. Qxb7) 39... Nf8 $16 40. Qxe1 (40. Qc8 {keeps more tension.} c4 41. Rf7 Qc5 42. b4 Qd6 43. Ne7) 40... Nxd7 41. Qe8+ Nf8 42. Bg2 Qc7 ({Better is} 42... h5 $11) 43. Ne7 (43. Bd5 $14 Qd7 44. Qxd7 Nxd7 45. Nxa7) 43... Qd6 {[#]} (43... Qd7 $11 44. Qf7 Qe6) 44. Bd5 $1 Qf6 45. Nc6 (45. Ng8 $5 {[%cal Rg8f6]} Qb2 46. Kg2 $14) 45... a6 46. f4 (46. Nb8 $1 $14 Qd6 47. Qf7) 46... Qa1+ {The position is equal.} 47. Kg2 {White wants to mate with Qf7.} Qd1 ({Stronger than} 47... Qxa3 48. Qf7 Qb2+ 49. Kh3 Ne6 50. Qxe6 Qg2+ 51. Kxg2 h6 52. Qg8#) 48. Qf7 {[%csl Gd5][%cal Rf7g8]} Qe2+ 49. Kg1 {Accuracy: White = 48%, Black = 38%.} 1/2-1/2

[Event "19th Prague Open-A 2020"]
[Site "Prague"]
[Date "2020.01.12"]
[Round "4.14"]
[White "Kozak, Antoni"]
[Black "Hrbek, Stepan"]
[Result "1/2-1/2"]
[WhiteElo "2380"]
[BlackElo "2126"]
[Annotator "TA"]
[PlyCount "92"]
[EventDate "2020.01.10"]
[EventType "swiss"]
[EventCountry "CZE"]
[SourceTitle "playchess.com"]
[Source "ChessBase"]
[SourceQuality "1"]

{[%evp 15,92,6,12,16,20,22,29,10,7,13,27,-1,0,-19,0,13,26,29,29,18,23,18,12,18,12,24,65,32,66,77,44,47,75,36,116,30,33,64,22,25,37,26,32,8,8,8,8,0,0,-7,-6,-10,-10,-16,-11,-12,-16,-66,0,0,0,0,0,0,0,0,0,0,0,0,0,0,0,0,0,0,0,0,0]} 1. d4 d5 2. c4 e6 3. Nc3 Nf6 4. cxd5 exd5 5. Bg5 c6 6. e3 Be7 7. Bd3 Nbd7 {[%cal Bb8d7,Bd7b6,Bb6c8,Bc8d6][%mdl 32]} 8. Nge2 h6 9. Bh4 {D35: Queen's Gambit Declined: Exchange Variation} Nh5 10. Bxe7 Qxe7 11. g4 {White has an edge.} (11. Qd2 Nb6 12. f3 Bd7 13. O-O O-O 14. g4 Nf6 15. Ng3 Ne8 16. Rae1 {1-0 (43) Mamedyarov,S (2766)-Adams,M (2751) Sharjah 2017}) 11... Nhf6 12. Ng3 Nb6 13. Nf5 $146 ({Predecessor:} 13. h3 Bd7 14. Qf3 O-O-O 15. O-O-O Ne8 16. Rhe1 Qf6 {½-½ (65) Gareyev,T (2615)-Stremavicius,T (2422) Dallas 2017}) 13... Bxf5 14. gxf5 Nc8 15. Rg1 Nd6 16. Rxg7 O-O-O 17. Qc2 Rhg8 18. Rg3 $1 h5 19. O-O-O h4 $1 {[%cal Rh4g3]} 20. Rgg1 Kb8 21. Kb1 Ng4 22. Qe2 Nh6 23. Qf3 Qf6 24. Qf4 Ka8 (24... Nhxf5 $14 25. Rc1 Qh6) 25. f3 (25. Rxg8 $16 Rxg8 26. e4 Nxe4 27. Nxe4 dxe4 28. Bxe4 (28. Qxe4 Rd8 $14)) 25... Nhxf5 $11 26. Rxg8 Rxg8 27. e4 Qh6 $1 {[%cal Rh6f4]} ({Avoid the trap} 27... Qxd4 $2 28. Ne2 $18) 28. Qxh6 Nxh6 29. exd5 Rg2 30. dxc6 bxc6 {[%cal Bb7c6,Bc6d5][%mdl 32]} 31. Ne4 Nhf5 32. h3 Rh2 33. d5 cxd5 34. Nxd6 Nxd6 {[%mdl 4096] Endgame KRB-KRN} 35. Ba6 Kb8 36. Rc1 Nc4 (36... Rxh3 $15 37. Rc6 Rh1+ 38. Kc2 Nb7) 37. Bxc4 {The position is equal.} dxc4 38. Rxc4 Rxh3 {Strongly threatening ...Rh1+. KR-KR} 39. Rf4 Rh1+ 40. Kc2 h3 41. Rxf7 Rf1 {[#] Threatens to win with ...h2.} 42. Rh7 Rxf3 43. Kd2 Rg3 44. a4 Rg2+ 45. Kc3 h2 46. b4 Rg3+ {Accuracy: White = 53%, Black = 65%.} 1/2-1/2

[Event "19th Prague Open-A 2020"]
[Site "Prague"]
[Date "2020.01.12"]
[Round "4.15"]
[White "Mis, Mieszko"]
[Black "Sindler, Michal"]
[Result "1-0"]
[WhiteElo "2349"]
[BlackElo "2119"]
[Annotator "ChessBase"]
[PlyCount "65"]
[EventDate "2020.01.10"]
[EventType "swiss"]
[EventCountry "CZE"]
[SourceTitle "playchess.com"]
[Source "ChessBase"]
[SourceQuality "1"]
[TimeControl "40/5400+30:1800+30"]

1. d4 {[%emt 0:00:00]} Nf6 {[%emt 0:02:02]} 2. c4 {[%emt 0:00:00]} g6 {[%emt 0:00:16]} 3. g3 {[%emt 0:00:00]} Bg7 {[%emt 0:00:07]} 4. Bg2 {[%emt 0:00:00]} O-O {[%emt 0:00:30]} 5. Nc3 {[%emt 0:00:00]} d6 {[%emt 0:00:26]} 6. Nf3 {[%emt 0:00:00]} c6 {[%emt 0:00:08]} 7. O-O {[%emt 0:00:07]} Qa5 {[%emt 0:00:03]} 8. e4 {[%emt 0:00:04]} e5 {[%emt 0:00:25]} 9. h3 {[%emt 0:00:06]} Nbd7 {[%emt 0:00:39]} 10. Re1 {[%emt 0:01:17]} exd4 {[%emt 0:00:30]} 11. Nxd4 {[%emt 0:00:08]} Ne5 {[%emt 0:00:08]} 12. Bf1 {[%emt 0:00:55]} Re8 {[%emt 0:01:41]} 13. Be3 {[%emt 0:05:41]} c5 {[%emt 0:02:19]} 14. Nb3 {[%emt 0:11:48]} Qb4 {[%emt 0:08:30]} 15. Bd2 {[%emt 0:17:18]} Qb6 {[%emt 0:21:15]} 16. Nb5 {[%emt 0:08:47]} Be6 {[%emt 0:30:14]} 17. Ba5 {[%emt 0:00:55]} Qc6 {[%emt 0:00:43]} 18. Nc7 {[%emt 0:02:08]} Nxc4 {[%emt 0:03:21]} 19. Nxa8 {[%emt 0:08:37]} Rxa8 {[%emt 0:02:28]} 20. Bc3 {[%emt 0:01:28]} Qc7 {[%emt 0:12:23]} 21. Qc2 {[%emt 0:01:26]} Nb6 {[%emt 0:03:58]} 22. e5 {[%emt 0:01:31]} dxe5 {[%emt 0:04:09]} 23. Bxe5 {[%emt 0:00:11]} Qc8 {[%emt 0:00:12]} 24. Qxc5 {[%emt 0:00:58]} Bxh3 {[%emt 0:00:56]} 25. Qxc8+ {[%emt 0:01:34]} Bxc8 {[%emt 0:00:19]} 26. Bg2 {[%emt 0:00:33]} Nc4 {[%emt 0:00:32]} 27. Bd4 {[%emt 0:01:58]} Be6 {[%emt 0:00:18]} 28. Rac1 {[%emt 0:00:09]} Nb6 {[%emt 0:01:13]} 29. Nc5 {[%emt 0:01:14]} Bxa2 {[%emt 0:00:20]} 30. b3 {[%emt 0:00:26]} Rd8 {[%emt 0:00:52]} 31. Bxf6 {[%emt 0:00:31]} Bxf6 {[%emt 0:00:29]} 32. Re2 {[%emt 0:00:05]} Bg5 {[%emt 0:01:59]} 33. f4 {[%emt 0:00:05]} 1-0

[Event "19th Prague Open-A 2020"]
[Site "Prague"]
[Date "2020.01.12"]
[Round "4.16"]
[White "Tsotsonava, Elene"]
[Black "Priehoda, Vitezslav"]
[Result "0-1"]
[WhiteElo "2078"]
[BlackElo "2341"]
[Annotator "ChessBase"]
[PlyCount "38"]
[EventDate "2020.01.10"]
[EventType "swiss"]
[EventCountry "CZE"]
[SourceTitle "playchess.com"]
[Source "ChessBase"]
[SourceQuality "1"]
[TimeControl "40/5400+30:1800+30"]

1. e4 {[%emt 0:00:00]} e6 {[%emt 0:00:00]} 2. d4 {[%emt 0:00:00]} d5 {[%emt 0:00:00]} 3. Nd2 {[%emt 0:00:06]} h6 {[%emt 0:00:00]} 4. exd5 {[%emt 0:03:20]} exd5 {[%emt 0:00:16]} 5. Ngf3 {[%emt 0:00:20]} Bd6 {[%emt 0:06:29]} 6. Bd3 {[%emt 0:06:06]} Nc6 {[%emt 0:03:44]} 7. O-O {[%emt 0:02:32]} Nb4 {[%emt 0:03:36]} 8. Qe2+ {[%emt 0:11:12]} Ne7 {[%emt 0:06:02]} 9. c4 {[%emt 0:00:40]} Nxd3 10. Qxd3 dxc4 11. Nxc4 O-O 12. Nxd6 Qxd6 13. Re1 Be6 14. Ne5 Rad8 15. Be3 Qxe5 16. Qa3 Qd6 17. Qxa7 Bd5 18. Qa4 Qg6 19. g3 Qe4 0-1

[Event "19th Prague Open-A 2020"]
[Site "Prague"]
[Date "2020.01.13"]
[Round "5.1"]
[White "Quesada Vera, Liordis"]
[Black "Quesada Perez, Luis Ernesto"]
[Result "0-1"]
[WhiteElo "2386"]
[BlackElo "2491"]
[Annotator "TA"]
[PlyCount "84"]
[EventDate "2020.01.10"]
[EventType "swiss"]
[EventCountry "CZE"]
[SourceTitle "playchess.com"]
[Source "ChessBase"]
[SourceQuality "1"]

{[%evp 17,94,0,8,0,0,-1,0,0,4,0,5,-8,0,-8,-10,-27,0,0,0,0,0,-25,-31,-27,-39,-35,-35,-22,-8,-27,-25,-27,-26,-25,-26,-26,-28,-28,-24,-27,-27,-30,-29,-33,-16,-22,-21,-23,-12,-44,-37,-68,-39,-40,-40,-171,-171,-171,-171,-174,-174,-223,-181,-223,-223,-223,-223,-216,-216,-216,-216,-216,-216,-216,-216,-856,-854,-5110,-5106]} 1. e4 c5 2. Nf3 d6 3. Nc3 Nf6 4. d4 cxd4 5. Nxd4 a6 6. Bg5 e6 7. Qd2 h6 8. Bxf6 Qxf6 9. O-O-O Nc6 10. Qe3 {B66: Sicilian: Richter-Rauzer: 7...a6 8 0-0-0 h6} Qd8 11. f4 Be7 12. Kb1 {The position is equal.} Bd7 13. Nf3 Qa5 14. g4 {[#]} g5 $146 ({Predecessor:} 14... O-O-O 15. h4 Kb8 16. Bh3 g5 17. fxg5 hxg5 18. h5 Ne5 19. Nxe5 Qxe5 20. Rhf1 Be8 21. Qd4 Qxd4 22. Rxd4 Rh6 {0-1 (22) Aryan,C (2242)-Smirnov,A (2463) Golden Sands 2014}) 15. h4 {[%cal Rh4g5]} gxf4 16. Qxf4 Ne5 17. Be2 O-O-O 18. Nxe5 Qxe5 19. Qxf7 Bf6 20. Rxd6 Rhf8 21. Rxd7 $1 Rxf7 22. Rxf7 Rd2 {White should prevent ...Rxe2!} 23. Bd3 Rg2 24. Rf1 Bxh4 25. Rh7 Rf2 26. Rxf2 Bxf2 27. Rxh6 Qg5 28. Rh1 Qxg4 29. Rh8+ Kc7 30. Rh7+ Kc6 {[%mdl 1024] [#] ( -> ...Qg1+). Black has compensation.} (30... Kb8 {keeps more tension.} 31. Ne2 Qg6 32. Rh1 Ka7 33. a3 b5) 31. a4 Bd4 32. Ne2 Be5 33. Ka2 Qg5 34. Nc3 Qd2 35. Kb3 Qe3 {aiming for ...Qb6+.} 36. Re7 (36. Bc4 $15) 36... Qb6+ $19 37. Ka2 Kd6 38. Rh7 Qb4 39. Nd1 Qxa4+ 40. Kb1 Qd4 41. Rf7 b5 42. Rf3 {[#]} b4 {Played: Qd4-g1} 0-1

[Event "19th Prague Open-A 2020"]
[Site "Prague"]
[Date "2020.01.13"]
[Round "5.2"]
[White "Stankovic, Milos"]
[Black "Strebkovs, Andrejs"]
[Result "1-0"]
[WhiteElo "2466"]
[BlackElo "2278"]
[Annotator "TA"]
[PlyCount "91"]
[EventDate "2020.01.10"]
[EventType "swiss"]
[EventCountry "CZE"]
[SourceTitle "playchess.com"]
[Source "ChessBase"]
[SourceQuality "1"]

{[%evp 16,91,21,17,23,20,28,27,47,30,25,0,27,23,22,11,20,11,31,0,17,0,34,-61,-17,-34,-17,-28,-28,-27,0,-28,0,-32,20,-23,14,20,27,18,31,0,35,0,100,92,73,79,81,89,104,117,100,107,179,125,114,86,166,181,176,133,130,132,131,126,160,139,146,122,352,347,274,210,216,137,1823,1618]} 1. e4 e5 2. Nf3 Nf6 3. d4 Nxe4 4. Bd3 d5 5. Nxe5 Nd7 6. Nc3 Nxe5 7. dxe5 Nxc3 8. bxc3 Be7 9. O-O O-O {C43: Petroff Defence: 3 d4} 10. f4 f5 11. Be3 Be6 {White has an edge.} (11... c5 12. Be2 Be6 13. Bf3 Qd7 14. a4 Rad8 15. Qe2 Qc7 16. Rfb1 b6 17. Rd1 {1-0 (43) Carlsen,M (2876)-Shirov,A (2664) Douglas 2019}) 12. Rb1 $146 ({Predecessor:} 12. a4 Qd7 13. Qf3 Rfd8 14. Rfd1 c5 15. Kh1 g6 16. h3 Qc7 17. Qf2 {1-0 (60) Vitiugov,N (2732)-So,W (2767) Khanty-Mansiysk 2019}) 12... b6 13. Qf3 c5 14. Rfd1 Qc7 15. Bf2 Rad8 16. h4 d4 (16... c4 $5 {[%cal Rc4d3]} 17. Bf1 Qc6 $11) 17. c4 Qd7 18. Rb5 Qc8 19. h5 (19. a4 $14) 19... Bd7 20. Rb3 Bc6 21. Qh3 Qe6 22. Re1 Rb8 23. Rbb1 Bd7 24. Rbd1 a6 (24... Qh6 $15) 25. Bf1 (25. c3 $5) 25... b5 26. c3 dxc3 27. Qxc3 b4 28. Qf3 Ba4 29. Qd5 (29. Rd5 {with more complications.} Rbc8 30. g3 Bc6 31. Red1 a5 32. Bg2) 29... Rb6 (29... Kf7 $1 $11) 30. Qxe6+ Rxe6 31. Rd5 $36 {[%mdl 2048] White is really pushing.} Bc6 32. g3 Rh6 33. Bxc5 Bxd5 34. Bxe7 Bf3 {[#]} (34... Bf7 $16 {was worth a try.}) 35. Bxf8 ({Inferior is} 35. Bxb4 Rb8 $11) ({White should play} 35. c5 $1 $18 {aiming for Bc4+.} Re8 36. Bc4+ Kh8 37. Bd6) 35... Kxf8 $18 {[%mdl 4096] Endgame KRB-KRB} 36. c5 {[%cal Bc4c5,Bc5c6][%mdl 32]} Bxh5 {[#]} (36... Rxh5 $16 {was necessary.} 37. Bxa6 Bd5) 37. Bg2 $1 {Strongly threatening c6.} Be8 38. e6 {Black must now prevent e7+.} Ke7 39. c6 {c7 is the strong threat.} Kd6 40. e7 Kc7 41. Re5 Rd6 42. Bd5 a5 $2 (42... g6 $16) 43. Rxf5 Rf6 44. Re5 a4 45. Bf3 Kb6 $2 {[%mdl 8192] [#]} (45... Rf7 $16 46. Bd5 Rf6) 46. Rb5+ $1 {[%mdl 576] Promotion. Accuracy: White = 57%, Black = 24%.} 1-0